Judith (Record no. 78592)

MARC details
000 -LEADER
campo de control de longitud fija 00740nam a2200205 i 4500
001 - NÚMERO DE CONTROL
campo de control 78592
003 - IDENTIFICADOR DE NÚMERO DE CONTROL
campo de control ES-MaACL
005 - FECHA Y HORA DE LA ÚLTIMA TRANSACCIÓN
campo de control 20230906173746.0
007 - CAMPO FIJO DE DESCRIPCIÓN FÍSICA--INFORMACIÓN GENERAL
campo de control de longitud fija t|
008 - DATOS DE LONGITUD FIJA--INFORMACIÓN GENERAL
campo de control de longitud fija 041015s1918 sp ||||1| spa d
100 1# - ENTRADA PRINCIPAL--NOMBRE DE PERSONA
Nombre de persona Hebbel, Friedrich (
Fechas asociadas al nombre 1813-1863)
9 (RLIN) 157462
245 10 - MENCIÓN DEL TÍTULO
Título Judith
Resto del título : tragedia en cinco actos /
Mención de responsabilidad, etc. Friedrich Hebbel ; estudio preliminar de Jacinto Grau ; prólogo de Ricardo Baeza ; traducción de R. Baeza y K. Rosemberg.
260 ## - PUBLICACIÓN, DISTRIBUCIÓN, ETC.
Lugar de publicación, distribución, etc. Madrid :
Nombre del editor, distribuidor, etc. [s.n.,
Fecha de publicación, distribución, etc. 1918] (
Fabricante Imp. Clásica Española)
300 ## - DESCRIPCIÓN FÍSICA
Extensión LXIV, 182 p. ;
Dimensiones 16 cm.
700 1# - ENTRADA AGREGADA--NOMBRE PERSONAL
Nombre de persona Grau, Jacinto,
Fechas asociadas al nombre 1877-1958
9 (RLIN) 59732
700 1# - ENTRADA AGREGADA--NOMBRE PERSONAL
Nombre de persona Baeza, Ricardo,
Fechas asociadas al nombre 1890-1956
9 (RLIN) 24620
700 1# - ENTRADA AGREGADA--NOMBRE PERSONAL
Nombre de persona Rosemberg, K.
9 (RLIN) 99705
852 ## - LOCALIZACIÓN
Ubicación ES-MaACL
Número de control de estantería F-273
Holdings
Estatus retirado Estado de pérdida Estado de daño No para préstamo Biblioteca de origen Biblioteca actual Ubicación en estantería Fecha de adquisición Fuente de adquisición Total de préstamos Signatura topográfica completa Código de barras Visto por última vez Precio de reemplazo Tipo de ítem Koha
        Biblioteca del Ateneo de Madrid Biblioteca del Ateneo de Madrid Depósito 2 17/01/2008     F-273 1082201 23/02/2023 23/02/2023 Libro impreso